日本の市(人口降順) - Statistics

General Stats
  • This quiz has been taken 84 times
  • The average score is 173 of 792
Answer Stats
順位 人口 Answer % Correct
1 神奈川県 3,777,491 横浜市
100%
2 大阪府 2,752,412 大阪市
100%
3 愛知県 2,332,176 名古屋市
100%
4 北海道 1,973,395 札幌市
100%
5 福岡県 1,612,392 福岡市
98%
7 兵庫県 1,525,152 神戸市
98%
8 京都府 1,463,723 京都市
98%
9 埼玉県 1,324,025 さいたま市
98%
10 広島県 1,200,754 広島市
98%
11 宮城県 1,096,704 仙台市
98%
12 千葉県 974,951 千葉市
98%
13 福岡県 939,029 北九州市
98%
19 岡山県 724,691 岡山市
98%
16 新潟県 789,275 新潟市
95%
17 熊本県 738,865 熊本市
95%
23 鹿児島県 593,128 鹿児島市
95%
6 神奈川県 1,538,262 川崎市
93%
14 大阪府 826,161 堺市
93%
15 静岡県 790,718 浜松市
93%
18 神奈川県 725,493 相模原市
93%
20 静岡県 693,389 静岡市
93%
21 千葉県 642,907 船橋市
93%
22 埼玉県 594,274 川口市
93%
24 東京都 579,355 八王子市
93%
25 兵庫県 530,495 姫路市
93%
26 栃木県 518,757 宇都宮市
93%
27 愛媛県 511,192 松山市
93%
28 千葉県 498,232 松戸市
90%
29 千葉県 496,676 市川市
90%
30 大阪府 493,940 東大阪市
90%
32 大分県 475,614 大分市
90%
34 石川県 463,254 金沢市
90%
31 兵庫県 485,587 西宮市
88%
35 広島県 460,930 福山市
88%
41 香川県 417,496 高松市
88%
33 岡山県 474,592 倉敷市
86%
36 兵庫県 459,593 尼崎市
86%
38 東京都 431,079 町田市
86%
40 愛知県 422,330 豊田市
86%
42 富山県 413,938 富山市
86%
43 長崎県 409,118 長崎市
86%
44 岐阜県 402,557 岐阜市
86%
37 神奈川県 436,905 藤沢市
83%
39 千葉県 426,468 柏市
83%
46 宮崎県 401,339 宮崎市
83%
50 愛知県 384,654 岡崎市
79%
52 群馬県 372,973 高崎市
79%
53 長野県 372,760 長野市
79%
55 和歌山県 356,729 和歌山市
79%
56 奈良県 354,630 奈良市
79%
45 大阪府 401,558 豊中市
76%
48 神奈川県 388,078 横須賀市
76%
54 愛知県 371,920 豊橋市
76%
57 埼玉県 354,571 川越市
76%
59 滋賀県 345,070 大津市
76%
60 埼玉県 342,464 所沢市
76%
61 埼玉県 341,621 越谷市
76%
62 福島県 332,931 いわき市
76%
63 群馬県 332,149 前橋市
76%
64 北海道 329,306 旭川市
76%
65 福島県 327,692 郡山市
76%
66 高知県 326,545 高知市
76%
67 沖縄県 317,625 那覇市
76%
69 秋田県 307,672 秋田市
76%
70 三重県 305,424 四日市市
76%
73 岩手県 289,731 盛岡市
76%
76 青森県 275,192 青森市
76%
77 三重県 274,537 津市
76%
78 茨城県 270,685 水戸市
76%
79 千葉県 269,524 市原市
76%
80 新潟県 266,936 長岡市
76%
49 大阪府 385,567 吹田市
74%
71 兵庫県 303,601 明石市
74%
47 大阪府 397,289 枚方市
71%
51 愛知県 380,073 一宮市
71%
68 愛知県 308,681 春日井市
71%
72 福岡県 303,316 久留米市
71%
75 福島県 282,693 福島市
71%
83 福井県 262,328 福井市
71%
85 神奈川県 258,422 平塚市
71%
86 山口県 255,051 下関市
71%
88 北海道 251,084 函館市
71%
90 山形県 247,590 山形市
71%
92 長崎県 243,223 佐世保市
71%
58 大阪府 352,698 高槻市
69%
82 東京都 262,790 府中市
69%
87 徳島県 252,391 徳島市
69%
89 埼玉県 248,304 草加市
69%
93 東京都 242,614 調布市
69%
95 茨城県 241,656 つくば市
69%
96 長野県 241,145 松本市
69%
98 佐賀県 233,301 佐賀市
69%
74 大阪府 287,730 茨木市
67%
84 兵庫県 260,878 加古川市
67%
91 静岡県 245,392 富士市
67%
94 神奈川県 242,389 茅ヶ崎市
67%
81 大阪府 264,642 八尾市
64%
97 神奈川県 239,169 大和市
64%
99 埼玉県 229,792 春日部市
64%
100 大阪府 229,733 寝屋川市
62%
104 青森県 223,415 八戸市
62%
102 兵庫県 226,432 宝塚市
60%
105 群馬県 223,014 太田市
60%
106 広島県 214,592 呉市
60%
109 島根県 203,616 松江市
60%
107 群馬県 211,850 伊勢崎市
57%
101 埼玉県 226,940 上尾市
55%
103 神奈川県 223,705 厚木市
55%
108 東京都 207,388 西東京市
52%
110 千葉県 199,849 流山市
52%
111 千葉県 199,498 八千代市
52%
115 三重県 195,670 鈴鹿市
50%
121 山梨県 189,591 甲府市
50%
122 静岡県 189,386 沼津市
50%
124 鳥取県 188,465 鳥取市
50%
125 新潟県 188,047 上越市
50%
136 北海道 170,113 苫小牧市
50%
141 栃木県 166,666 小山市
50%
142 北海道 166,536 帯広市
50%
145 北海道 165,077 釧路市
50%
153 長野県 154,055 上田市
50%
112 東京都 198,739 小平市
48%
113 兵庫県 198,138 伊丹市
48%
114 広島県 196,608 東広島市
48%
116 東京都 195,391 三鷹市
48%
117 埼玉県 194,415 熊谷市
48%
118 山口県 193,966 山口市
48%
119 大阪府 190,658 岸和田市
48%
120 東京都 190,435 日野市
48%
123 神奈川県 188,856 小田原市
48%
126 愛知県 187,990 安城市
48%
132 茨城県 174,508 日立市
48%
133 島根県 172,775 出雲市
48%
139 青森県 168,466 弘前市
48%
143 富山県 166,393 高岡市
48%
146 山口県 162,570 宇部市
48%
150 岐阜県 158,286 大垣市
48%
151 茨城県 156,581 ひたちなか市
48%
152 栃木県 155,549 栃木市
48%
127 愛知県 184,661 豊川市
45%
128 大阪府 184,495 和泉市
45%
130 京都府 179,630 宇治市
45%
134 神奈川県 172,710 鎌倉市
45%
137 愛知県 169,046 西尾市
45%
147 神奈川県 162,439 秦野市
45%
148 宮崎県 160,640 都城市
45%
149 三重県 159,145 松阪市
45%
154 愛知県 153,834 刈谷市
45%
129 東京都 183,581 立川市
43%
131 千葉県 176,197 習志野市
43%
135 千葉県 171,362 浦安市
43%
138 千葉県 168,743 佐倉市
43%
140 静岡県 166,672 磐田市
43%
144 埼玉県 166,017 新座市
43%
155 千葉県 152,638 野田市
43%
156 兵庫県 152,321 川西市
43%
157 東京都 151,815 東村山市
43%
158 愛媛県 151,672 今治市
43%
160 東京都 150,149 武蔵野市
40%
161 愛知県 148,831 小牧市
40%
163 鳥取県 147,317 米子市
40%
166 栃木県 144,746 足利市
40%
167 岐阜県 144,521 各務原市
40%
168 滋賀県 143,913 草津市
40%
204 北海道 121,056 江別市
40%
162 埼玉県 148,699 狭山市
38%
164 東京都 146,951 多摩市
38%
170 沖縄県 142,752 沖縄市
38%
172 茨城県 142,074 土浦市
38%
177 宮城県 140,151 石巻市
38%
178 茨城県 139,344 古河市
38%
179 三重県 138,613 桑名市
38%
180 山口県 137,540 周南市
38%
182 静岡県 136,845 焼津市
38%
183 神奈川県 136,516 海老名市
38%
186 長崎県 133,852 諫早市
38%
189 神奈川県 132,325 座間市
38%
190 広島県 131,170 尾道市
38%
191 千葉県 130,510 我孫子市
38%
193 山口県 129,125 岩国市
38%
194 静岡県 128,105 富士宮市
38%
195 愛知県 127,792 瀬戸市
38%
196 宮城県 127,330 大崎市
38%
197 福岡県 126,364 飯塚市
38%
199 沖縄県 125,303 うるま市
38%
200 鹿児島県 123,135 霧島市
38%
201 熊本県 123,067 八代市
38%
202 三重県 122,765 伊勢市
38%
203 山形県 122,347 鶴岡市
38%
205 奈良県 120,922 橿原市
38%
218 北海道 115,480 北見市
38%
219 大分県 115,321 別府市
38%
221 栃木県 115,210 那須塩原市
38%
159 埼玉県 150,582 久喜市
36%
165 埼玉県 145,651 入間市
36%
173 静岡県 141,341 藤枝市
36%
181 大阪府 136,868 箕面市
36%
184 千葉県 136,166 木更津市
36%
185 愛知県 134,751 稲沢市
36%
188 千葉県 132,906 成田市
36%
198 東京都 126,074 小金井市
36%
208 宮崎県 118,394 延岡市
36%
211 福島県 117,376 会津若松市
36%
212 佐賀県 117,373 唐津市
36%
214 奈良県 116,675 生駒市
36%
215 栃木県 116,228 佐野市
36%
216 愛媛県 115,938 新居浜市
36%
217 沖縄県 115,690 浦添市
36%
223 広島県 114,173 廿日市市
36%
224 山口県 113,979 防府市
36%
227 滋賀県 113,647 彦根市
36%
228 滋賀県 113,636 長浜市
36%
169 大阪府 143,096 守口市
33%
171 埼玉県 142,145 三郷市
33%
175 埼玉県 141,083 朝霞市
33%
187 東京都 133,535 青梅市
33%
192 東京都 129,242 国分寺市
33%
207 大阪府 119,367 大東市
33%
230 岩手県 112,937 奥州市
33%
232 岩手県 111,932 一関市
33%
238 石川県 110,408 白山市
33%
240 香川県 109,513 丸亀市
33%
245 岐阜県 106,732 多治見市
33%
246 群馬県 106,445 桐生市
33%
247 石川県 106,216 小松市
33%
249 愛媛県 104,791 西条市
33%
174 埼玉県 141,268 深谷市
31%
176 埼玉県 140,899 戸田市
31%
206 大阪府 119,764 門真市
31%
210 大阪府 117,641 松原市
31%
222 静岡県 114,954 掛川市
31%
226 愛知県 113,787 東海市
31%
231 滋賀県 112,819 東近江市
31%
235 北海道 111,299 小樽市
31%
236 福岡県 111,281 大牟田市
31%
241 兵庫県 109,238 三田市
31%
254 神奈川県 101,780 伊勢原市
31%
209 愛知県 117,884 半田市
29%
213 埼玉県 116,828 鴻巣市
29%
220 東京都 115,271 東久留米市
29%
225 東京都 113,949 昭島市
29%
237 福岡県 111,023 春日市
29%
229 埼玉県 113,597 ふじみ野市
26%
239 千葉県 109,932 鎌ケ谷市
26%
244 静岡県 107,783 三島市
26%
248 大阪府 104,993 池田市
26%
250 茨城県 104,524 取手市
26%
252 千葉県 102,609 印西市
26%
253 福岡県 102,085 大野城市
26%
259 山形県 100,273 酒田市
26%
261 沖縄県 100,125 宜野湾市
26%
262 岐阜県 99,968 可児市
26%
263 岡山県 99,937 津山市
26%
266 長野県 98,199 佐久市
26%
267 長野県 98,164 飯田市
26%
268 北海道 97,950 千歳市
26%
272 長崎県 95,397 大村市
26%
274 新潟県 94,642 三条市
26%
233 埼玉県 111,859 富士見市
24%
234 埼玉県 111,623 加須市
24%
243 大阪府 108,699 富田林市
24%
251 福岡県 103,311 筑紫野市
24%
256 鹿児島県 101,096 鹿屋市
24%
273 新潟県 94,927 新発田市
24%
276 栃木県 94,033 鹿沼市
24%
277 兵庫県 93,922 芦屋市
24%
280 岩手県 93,193 花巻市
24%
242 大阪府 108,736 羽曳野市
21%
255 大阪府 101,692 河内長野市
21%
257 茨城県 100,753 筑西市
21%
264 福岡県 98,877 糸島市
21%
270 静岡県 95,719 島田市
21%
275 長野県 94,222 安曇野市
21%
258 埼玉県 100,275 坂戸市
19%
260 大阪府 100,131 泉佐野市
19%
269 福岡県 97,095 宗像市
19%
271 茨城県 95,454 神栖市
19%
278 千葉県 93,576 四街道市
19%
283 岩手県 93,045 北上市
19%
284 鹿児島県 92,403 薩摩川内市
19%
290 福井県 88,481 坂井市
19%
291 滋賀県 88,358 甲賀市
19%
293 兵庫県 87,722 高砂市
19%
298 京都府 86,174 亀岡市
19%
302 東京都 84,772 狛江市
19%
310 奈良県 83,285 大和郡山市
19%
311 滋賀県 83,236 守山市
19%
321 京都府 80,608 長岡京市
19%
265 愛知県 98,255 江南市
17%
279 埼玉県 93,363 八潮市
17%
281 東京都 93,151 稲城市
17%
287 富山県 90,742 射水市
17%
288 広島県 90,573 三原市
17%
289 三重県 88,766 伊賀市
17%
294 大阪府 87,456 摂津市
17%
300 秋田県 85,555 横手市
17%
301 岐阜県 85,283 関市
17%
305 岐阜県 84,419 高山市
17%
308 神奈川県 83,913 綾瀬市
17%
313 大分県 82,863 中津市
17%
314 愛媛県 82,754 四国中央市
17%
319 滋賀県 81,122 近江八幡市
17%
320 福井県 80,611 越前市
17%
323 京都府 80,336 舞鶴市
17%
792 北海道 2,989 歌志内市
17%
282 愛知県 93,123 大府市
14%
292 静岡県 87,864 袋井市
14%
295 千葉県 86,782 茂原市
14%
296 静岡県 86,614 御殿場市
14%
303 茨城県 84,651 牛久市
14%
309 東京都 83,901 東大和市
14%
316 千葉県 82,206 君津市
14%
317 新潟県 81,526 柏崎市
14%
318 山形県 81,252 米沢市
14%
324 愛知県 79,538 蒲郡市
14%
325 北海道 79,306 岩見沢市
14%
333 栃木県 77,661 日光市
14%
334 秋田県 77,657 大仙市
14%
336 京都府 77,306 福知山市
14%
347 山梨県 75,313 甲斐市
14%
349 兵庫県 75,294 三木市
14%
354 京都府 74,607 城陽市
14%
355 群馬県 74,581 渋川市
14%
357 兵庫県 74,316 たつの市
14%
359 佐賀県 74,196 鳥栖市
14%
360 京都府 73,753 京田辺市
14%
789 北海道 9,698 赤平市
14%
790 北海道 8,040 三笠市
14%
791 北海道 7,334 夕張市
14%
285 埼玉県 91,791 東松山市
12%
286 愛知県 91,520 日進市
12%
304 大阪府 84,443 貝塚市
12%
312 愛知県 83,144 尾張旭市
12%
315 北海道 82,383 室蘭市
12%
327 宮城県 78,718 名取市
12%
330 栃木県 78,190 真岡市
12%
331 奈良県 78,113 香芝市
12%
332 京都府 77,907 木津川市
12%
335 兵庫県 77,489 豊岡市
12%
337 新潟県 77,201 燕市
12%
338 東京都 77,130 国立市
12%
339 岐阜県 76,570 中津川市
12%
340 茨城県 76,420 龍ケ崎市
12%
341 三重県 76,387 名張市
12%
342 鹿児島県 76,348 姶良市
12%
343 東京都 76,208 清瀬市
12%
344 宮城県 76,037 登米市
12%
345 熊本県 75,783 天草市
12%
348 群馬県 75,309 館林市
12%
351 福島県 74,992 須賀川市
12%
353 秋田県 74,707 由利本荘市
12%
356 大阪府 74,412 泉大津市
12%
362 福岡県 73,164 太宰府市
12%
368 栃木県 72,087 大田原市
12%
370 福岡県 71,426 行橋市
12%
372 愛媛県 70,809 宇和島市
12%
373 京都府 70,433 八幡市
12%
374 北海道 70,331 恵庭市
12%
376 和歌山県 69,870 田辺市
12%
377 徳島県 69,470 阿南市
12%
378 山梨県 69,459 南アルプス市
12%
380 秋田県 69,237 大館市
12%
381 岡山県 69,030 総社市
12%
382 滋賀県 68,820 栗東市
12%
385 福井県 68,302 鯖江市
12%
388 長野県 67,241 塩尻市
12%
392 大分県 66,851 佐伯市
12%
393 長野県 66,125 伊那市
12%
782 山形県 14,971 尾花沢市
12%
785 石川県 12,929 珠洲市
12%
787 高知県 12,388 土佐清水市
12%
788 高知県 11,742 室戸市
12%
297 愛知県 86,385 北名古屋市
10%
299 愛知県 86,126 あま市
10%
306 愛知県 84,364 知多市
10%
307 埼玉県 83,989 和光市
10%
322 埼玉県 80,361 飯能市
10%
326 東京都 79,292 あきる野市
10%
328 埼玉県 78,617 行田市
10%
329 埼玉県 78,569 本庄市
10%
346 埼玉県 75,346 志木市
10%
350 大阪府 75,033 交野市
10%
352 埼玉県 74,748 桶川市
10%
358 埼玉県 74,283 蕨市
10%
361 茨城県 73,173 笠間市
10%
363 愛知県 73,090 犬山市
10%
364 茨城県 73,061 石岡市
10%
365 愛知県 72,458 碧南市
10%
366 千葉県 72,356 香取市
10%
367 愛知県 72,193 知立市
10%
369 埼玉県 71,979 吉川市
10%
371 東京都 71,229 武蔵村山市
10%
375 埼玉県 70,117 鶴ヶ島市
10%
379 愛知県 69,295 豊明市
10%
383 大阪府 68,775 柏原市
10%
384 茨城県 68,421 守谷市
10%
386 千葉県 67,455 八街市
10%
387 愛知県 67,352 清須市
10%
389 福岡県 67,033 福津市
10%
391 山梨県 66,947 笛吹市
10%
394 岐阜県 65,649 羽島市
10%
395 静岡県 65,491 伊東市
10%
397 宮城県 64,637 栗原市
10%
398 沖縄県 64,612 豊見城市
10%
399 福岡県 64,475 柳川市
10%
400 熊本県 64,292 玉名市
10%
401 福井県 64,264 敦賀市
10%
402 奈良県 63,889 天理市
10%
406 沖縄県 63,554 名護市
10%
407 群馬県 63,261 藤岡市
10%
408 石川県 63,220 加賀市
10%
409 宮城県 62,827 多賀城市
10%
410 大分県 62,657 日田市
10%
412 山形県 62,140 天童市
10%
414 香川県 61,857 三豊市
10%
415 熊本県 61,772 合志市
10%
416 奈良県 61,744 大和高田市
10%
418 兵庫県 61,471 丹波市
10%
419 宮城県 61,147 気仙沼市
10%
420 沖縄県 61,007 糸満市
10%
424 和歌山県 60,818 橋本市
10%
425 福岡県 60,608 八女市
10%
426 青森県 60,378 十和田市
10%
427 山口県 60,326 山陽小野田市
10%
780 大分県 16,100 津久見市
10%
781 三重県 15,965 熊野市
10%
783 鹿児島県 14,708 西之表市
10%
784 鹿児島県 13,819 垂水市
10%
786 北海道 12,555 芦別市
10%
390 茨城県 66,950 鹿嶋市
7%
396 埼玉県 65,201 北本市
7%
403 千葉県 63,883 袖ケ浦市
7%
404 千葉県 63,745 旭市
7%
405 大阪府 63,688 藤井寺市
7%
411 千葉県 62,441 白井市
7%
413 愛知県 61,952 みよし市
7%
417 埼玉県 61,499 蓮田市
7%
421 愛知県 60,942 津島市
7%
422 茨城県 60,834 常総市
7%
423 愛知県 60,829 愛西市
7%
428 愛知県 60,162 長久手市
7%
429 大阪府 60,102 泉南市
7%
431 宮崎県 59,629 日向市
7%
432 栃木県 59,507 下野市
7%
433 福島県 59,491 白河市
7%
430 埼玉県 59,674 秩父市
5%
434 愛知県 59,360 田原市
5%
435 福岡県 59,360 小郡市
5%
436 福島県 59,005 南相馬市
5%
437 長野県 58,852 千曲市
5%
438 和歌山県 58,816 紀の川市
5%
443 福島県 58,240 伊達市
5%
445 北海道 58,171 北広島市
5%
446 静岡県 57,885 湖西市
5%
447 香川県 57,438 観音寺市
5%
448 新潟県 57,418 村上市
5%
449 石川県 57,238 野々市市
5%
450 神奈川県 57,060 逗子市
5%
549 三重県 44,973 いなべ市
5%
550 福島県 44,760 喜多方市
5%
551 山口県 44,626 萩市
5%
566 兵庫県 42,700 加西市
5%
583 兵庫県 40,645 加東市
5%
767 岐阜県 19,247 美濃市
5%
768 高知県 19,033 宿毛市
5%
769 佐賀県 18,295 多久市
5%
770 岩手県 18,262 陸前高田市
5%
772 宮崎県 17,638 えびの市
5%
773 三重県 17,525 鳥羽市
5%
774 千葉県 16,927 勝浦市
5%
775 宮崎県 16,822 串間市
5%
776 京都府 16,758 宮津市
5%
777 北海道 16,486 砂川市
5%
778 三重県 16,252 尾鷲市
5%
779 高知県 16,243 安芸市
5%
439 福岡県 58,786 古賀市
2%
440 愛知県 58,710 常滑市
2%
441 大阪府 58,435 大阪狭山市
2%
442 千葉県 58,431 銚子市
2%
444 千葉県 58,219 東金市
2%
451 熊本県 57,032 宇城市
2%
452 北海道 56,869 石狩市
2%
453 京都府 56,859 向日市
2%
454 岐阜県 56,689 美濃加茂市
2%
455 岡山県 56,531 玉野市
2%
456 東京都 56,414 福生市
2%
457 長野県 56,400 茅野市
2%
458 岐阜県 56,388 瑞穂市
2%
459 福岡県 56,212 直方市
2%
460 山口県 55,887 下松市
2%
462 岩手県 55,579 滝沢市
2%
463 岐阜県 55,348 土岐市
2%
465 群馬県 54,907 安中市
2%
466 奈良県 54,857 桜井市
2%
467 新潟県 54,851 南魚沼市
2%
468 徳島県 54,622 鳴門市
2%
469 島根県 54,592 浜田市
2%
471 滋賀県 54,460 湖南市
2%
472 東京都 54,326 羽村市
2%
473 青森県 54,103 むつ市
2%
474 和歌山県 53,967 岩出市
2%
475 福島県 53,557 二本松市
2%
477 沖縄県 52,931 宮古島市
2%
479 大分県 52,771 宇佐市
2%
480 佐賀県 52,629 伊万里市
2%
483 宮城県 52,203 塩竈市
2%
484 鹿児島県 51,994 出水市
2%
485 宮城県 51,651 富谷市
2%
486 新潟県 51,492 佐渡市
2%
487 青森県 51,415 五所川原市
2%
489 静岡県 50,911 裾野市
2%
490 京都府 50,860 京丹後市
2%
491 宮崎県 50,848 日南市
2%
492 熊本県 50,832 荒尾市
2%
493 広島県 50,681 三次市
2%
495 香川県 50,624 坂出市
2%
496 滋賀県 50,513 野洲市
2%
497 岩手県 50,369 宮古市
2%
498 石川県 50,300 七尾市
2%
502 秋田県 49,968 能代市
2%
504 三重県 49,835 亀山市
2%
505 新潟県 49,820 十日町市
2%
506 山口県 49,798 光市
2%
508 群馬県 49,648 みどり市
2%
509 長野県 49,559 須坂市
2%
510 熊本県 49,025 山鹿市
2%
513 長野県 48,729 諏訪市
2%
515 石川県 48,523 能美市
2%
517 和歌山県 48,369 海南市
2%
518 富山県 48,154 砺波市
2%
521 富山県 47,937 南砺市
2%
522 佐賀県 47,914 武雄市
2%
523 長野県 47,790 岡谷市
2%
524 静岡県 47,789 菊川市
2%
525 岐阜県 47,774 恵那市
2%
526 山形県 47,682 東根市
2%
527 沖縄県 47,637 石垣市
2%
528 新潟県 47,625 五泉市
2%
529 兵庫県 47,562 小野市
2%
530 群馬県 47,446 富岡市
2%
531 鹿児島県 47,153 日置市
2%
532 香川県 47,003 さぬき市
2%
533 静岡県 46,804 伊豆の国市
2%
534 高知県 46,664 南国市
2%
535 山梨県 46,530 富士吉田市
2%
536 鳥取県 46,485 倉吉市
2%
537 熊本県 46,416 菊池市
2%
538 北海道 46,391 登別市
2%
539 滋賀県 46,377 高島市
2%
542 岡山県 46,088 笠岡市
2%
543 三重県 46,057 志摩市
2%
545 兵庫県 45,892 赤穂市
2%
546 群馬県 45,337 沼田市
2%
548 島根県 45,003 益田市
2%
552 栃木県 44,513 さくら市
2%
554 北海道 44,302 北斗市
2%
555 兵庫県 44,137 南あわじ市
2%
556 宮城県 44,068 岩沼市
2%
557 山梨県 44,053 北杜市
2%
558 沖縄県 44,043 南城市
2%
559 佐賀県 43,952 小城市
2%
560 富山県 43,950 氷見市
2%
561 宮崎県 43,670 小林市
2%
562 静岡県 43,502 牧之原市
2%
563 長崎県 43,338 島原市
2%
565 岡山県 42,725 真庭市
2%
567 岡山県 42,661 赤磐市
2%
570 長野県 42,338 中野市
2%
571 長崎県 42,330 南島原市
2%
572 秋田県 42,091 湯沢市
2%
573 神奈川県 42,069 三浦市
2%
574 兵庫県 41,967 淡路市
2%
576 鹿児島県 41,390 奄美市
2%
577 兵庫県 41,236 洲本市
2%
578 長崎県 41,096 雲仙市
2%
579 長野県 40,991 小諸市
2%
580 神奈川県 40,841 南足柄市
2%
581 新潟県 40,765 糸魚川市
2%
582 新潟県 40,696 阿賀野市
2%
584 愛媛県 40,575 大洲市
2%
585 富山県 40,535 魚津市
2%
587 山形県 40,189 寒河江市
2%
589 富山県 39,638 黒部市
2%
590 兵庫県 39,611 丹波篠山市
2%
591 北海道 39,490 滝川市
2%
593 新潟県 39,237 見附市
2%
594 青森県 39,152 三沢市
2%
596 宮城県 39,098 東松島市
2%
598 鹿児島県 39,011 指宿市
2%
599 岐阜県 38,997 郡上市
2%
600 徳島県 38,772 吉野川市
2%
601 兵庫県 38,673 西脇市
2%
602 岡山県 38,384 井原市
2%
603 広島県 37,655 府中市
2%
604 滋賀県 37,225 米原市
2%
605 岐阜県 37,150 瑞浪市
2%
606 島根県 37,062 安来市
2%
607 奈良県 36,832 葛城市
2%
608 大分県 36,158 臼杵市
2%
609 徳島県 36,149 小松島市
2%
610 熊本県 36,122 宇土市
2%
611 岡山県 36,048 瀬戸内市
2%
612 島根県 36,007 雲南市
2%
615 北海道 35,759 網走市
2%
618 愛媛県 35,388 西予市
2%
619 福島県 35,169 田村市
2%
620 愛媛県 35,133 伊予市
2%
622 石川県 34,889 かほく市
2%
623 福島県 34,865 相馬市
2%
624 兵庫県 34,819 宍粟市
2%
625 岩手県 34,728 大船渡市
2%
626 徳島県 34,713 阿波市
2%
627 新潟県 34,483 魚沼市
2%
628 山形県 34,432 新庄市
2%
629 長崎県 34,391 五島市
2%
630 静岡県 34,208 熱海市
2%
631 新潟県 34,096 小千谷市
2%
632 愛媛県 33,903 東温市
2%
633 大分県 33,695 豊後大野市
2%
634 広島県 33,633 庄原市
2%
635 北海道 33,563 稚内市
2%
636 山梨県 33,435 山梨市
2%
637 鹿児島県 33,310 曽於市
2%
687 山梨県 29,067 韮崎市
2%
688 福井県 28,991 小浜市
2%
705 茨城県 27,699 高萩市
2%
706 茨城県 27,604 潮来市
2%
738 岩手県 24,023 八幡平市
2%
739 広島県 23,993 竹原市
2%
740 徳島県 23,605 三好市
2%
741 熊本県 23,557 水俣市
2%
742 和歌山県 23,481 御坊市
2%
743 秋田県 23,435 にかほ市
2%
744 山口県 23,247 美祢市
2%
745 島根県 22,959 江津市
2%
746 山梨県 22,669 上野原市
2%
747 岐阜県 22,538 飛騨市
2%
748 山形県 22,516 村山市
2%
749 山梨県 22,512 大月市
2%
750 福井県 22,150 勝山市
2%
751 兵庫県 22,129 養父市
2%
752 大分県 22,112 豊後高田市
2%
765 長野県 19,539 飯山市
2%
766 鹿児島県 19,270 阿久根市
2%
771 北海道 17,858 士別市
2%
461 大阪府 55,635 高石市
0%
464 大阪府 55,177 四條畷市
0%
470 埼玉県 54,571 日高市
0%
476 茨城県 53,502 那珂市
0%
478 埼玉県 52,862 羽生市
0%
481 茨城県 52,265 坂東市
0%
482 埼玉県 52,214 白岡市
0%
488 大阪府 51,254 阪南市
0%
494 茨城県 50,645 結城市
0%
499 福岡県 50,273 朝倉市
0%
500 福岡県 50,112 那珂川市
0%
501 埼玉県 50,066 幸手市
0%
503 茨城県 49,872 つくばみらい市
0%
507 千葉県 49,735 富里市
0%
511 茨城県 48,870 小美玉市
0%
512 福岡県 48,827 筑後市
0%
514 茨城県 48,602 常陸太田市
0%
516 千葉県 48,444 山武市
0%
519 千葉県 48,129 大網白里市
0%
520 愛知県 47,983 岩倉市
0%
540 福岡県 46,203 田川市
0%
541 愛知県 46,106 高浜市
0%
544 茨城県 45,953 鉾田市
0%
547 千葉県 45,153 館山市
0%
553 愛知県 44,355 新城市
0%
564 愛知県 43,025 弥富市
0%
568 茨城県 42,521 下妻市
0%
569 千葉県 42,465 富津市
0%
575 茨城県 41,801 北茨城市
0%
586 福岡県 40,362 中間市
0%
588 茨城県 40,087 かすみがうら市
0%
592 茨城県 39,267 常陸大宮市
0%
595 茨城県 39,122 桜川市
0%
597 茨城県 39,039 稲敷市
0%
613 福岡県 35,861 みやま市
0%
614 千葉県 35,831 南房総市
0%
616 千葉県 35,544 いすみ市
0%
617 福岡県 35,473 嘉麻市
0%
621 千葉県 35,040 匝瑳市
0%
638 鹿児島県 33,080 南九州市
0%
639 岩手県 33,043 久慈市
0%
640 福岡県 32,988 大川市
0%
641 岐阜県 32,928 本巣市
0%
642 鹿児島県 32,887 南さつま市
0%
643 島根県 32,846 大田市
0%
644 北海道 32,826 伊達市
0%
645 岡山県 32,772 浅口市
0%
646 大分県 32,772 由布市
0%
647 宮城県 32,758 白石市
0%
648 鳥取県 32,740 境港市
0%
649 岐阜県 32,735 海津市
0%
650 高知県 32,694 四万十市
0%
651 山口県 32,519 長門市
0%
652 富山県 32,349 滑川市
0%
653 岡山県 32,320 備前市
0%
654 高知県 32,207 香南市
0%
655 長野県 32,202 駒ヶ根市
0%
656 茨城県 32,185 行方市
0%
657 千葉県 32,116 鴨川市
0%
658 岩手県 32,078 釜石市
0%
659 愛媛県 31,987 八幡浜市
0%
660 青森県 31,946 黒石市
0%
661 京都府 31,846 綾部市
0%
662 秋田県 31,720 潟上市
0%
663 香川県 31,631 善通寺市
0%
664 京都府 31,629 南丹市
0%
665 福井県 31,286 大野市
0%
666 山梨県 31,216 中央市
0%
667 栃木県 31,165 矢板市
0%
668 熊本県 31,108 人吉市
0%
669 静岡県 31,103 御前崎市
0%
670 佐賀県 31,022 神埼市
0%
671 山梨県 31,016 都留市
0%
672 青森県 30,934 つがる市
0%
673 山口県 30,799 柳井市
0%
674 青森県 30,567 平川市
0%
675 岐阜県 30,428 下呂市
0%
676 山形県 30,420 南陽市
0%
677 新潟県 30,383 妙高市
0%
678 福島県 30,236 本宮市
0%
679 秋田県 30,198 北秋田市
0%
680 長野県 30,122 東御市
0%
681 長崎県 29,365 平戸市
0%
682 鹿児島県 29,329 志布志市
0%
683 山梨県 29,237 甲州市
0%
684 山形県 29,110 上山市
0%
685 秋田県 29,088 鹿角市
0%
686 岡山県 29,072 高梁市
0%
689 兵庫県 28,989 朝来市
0%
690 富山県 28,983 小矢部市
0%
691 宮崎県 28,610 西都市
0%
692 新潟県 28,509 胎内市
0%
693 長崎県 28,502 対馬市
0%
694 兵庫県 28,355 相生市
0%
695 香川県 28,279 東かがわ市
0%
696 静岡県 28,190 伊豆市
0%
697 奈良県 28,121 宇陀市
0%
698 岡山県 28,079 新見市
0%
699 徳島県 28,055 美馬市
0%
700 大分県 27,999 杵築市
0%
701 福岡県 27,981 うきは市
0%
702 宮城県 27,976 角田市
0%
703 奈良県 27,927 五條市
0%
704 佐賀県 27,892 鹿島市
0%
707 福井県 27,524 あわら市
0%
708 鹿児島県 27,490 いちき串木野市
0%
709 北海道 27,282 名寄市
0%
710 和歌山県 27,171 新宮市
0%
711 山形県 26,543 長井市
0%
712 和歌山県 26,538 有田市
0%
713 高知県 26,513 香美市
0%
714 広島県 26,448 安芸高田市
0%
715 広島県 26,319 大竹市
0%
716 福岡県 26,298 宮若市
0%
717 長崎県 26,275 西海市
0%
718 大分県 26,232 国東市
0%
719 長野県 26,029 大町市
0%
720 岡山県 25,939 美作市
0%
721 佐賀県 25,848 嬉野市
0%
722 高知県 25,732 土佐市
0%
723 岩手県 25,513 二戸市
0%
724 新潟県 25,441 加茂市
0%
725 岩手県 25,366 遠野市
0%
726 岐阜県 25,280 山県市
0%
727 秋田県 25,154 男鹿市
0%
728 長崎県 24,948 壱岐市
0%
729 熊本県 24,930 阿蘇市
0%
730 栃木県 24,875 那須烏山市
0%
731 北海道 24,636 根室市
0%
732 秋田県 24,610 仙北市
0%
733 石川県 24,608 輪島市
0%
734 熊本県 24,563 上天草市
0%
735 鹿児島県 24,453 伊佐市
0%
736 福岡県 24,391 豊前市
0%
737 奈良県 24,096 御所市
0%
753 広島県 21,930 江田島市
0%
754 長崎県 21,271 松浦市
0%
755 北海道 21,215 紋別市
0%
756 北海道 21,131 富良野市
0%
757 高知県 20,590 須崎市
0%
758 北海道 20,413 美唄市
0%
759 石川県 20,407 羽咋市
0%
760 大分県 20,332 竹田市
0%
761 静岡県 20,183 下田市
0%
762 北海道 20,114 留萌市
0%
763 北海道 20,039 深川市
0%
764 鹿児島県 20,033 枕崎市
0%
No matching quizzes found
Score Distribution
Percent of People with Each Score
Percentile by Number Answered
Your Score History
You have not taken this quiz